Top 10 clubs qui ont gagné le plus de Ligue 1 - Statistiques

Statistiques générales
  • Ce quiz a été pris 132 fois
  • Le résultat moyen est 9 sur 10
Statistiques - réponses
Hint Réponse % Correct
1 Paris (13)
100%
3 Marseille (9)
99%
6 Lyon (7)
97%
9 Lille (4)
96%
2 Saint-Étienne (10)
92%
7 Bordeaux (6)
84%
4 Monaco (8)
84%
10 Nice (4)
79%
5 Nantes (8)
76%
8 Reims (6)
71%
Aucun quiz correspondant
Distribution des résultats
% des personnes avec chaque résultat
Percentile par nombre de réponses
Votre historique - résultats
Vous n’avez pas pris ce quiz